| 000 | 00669nam a2200133Ia 4500 | ||
|---|---|---|---|
| 008 | 171212s9999 xx 000 0 und d | ||
| 020 | _a9780833044075 | ||
| 100 | _aYardley, Roland J.;Kallimani, James G.;Schank, John F.;Grammich, Clifford A. | ||
| 245 |
_cYardley, Roland J.;Kallimani, James G.;Schank, John F.;Grammich, Clifford A. _aIncreasing Aircraft Carrier Forward Presence _bChanging the Length of the Maintenance Cycle |
||
| 260 |
_bRAND Corporation _c2008 |
||
| 650 | _aAircraft carriers -- United States -- Maintenance and repair; United States. Navy -- Operational readiness | ||
| 650 | _aPolitical Science | ||
| 856 | _uwww.jstor.org/stable/10.7249/mg706navy | ||
| 999 |
_c352214 _d352214 |
||